000 00572nam a2200193Ia 4500
005 20250522104328.0
008 008 250516s9999 xx 000 0 eng d
020 _a9781470425937
040 _aSDCL
_beng
_cSDCL
041 _aeng
_2eng
084 _aB643, Q6
_qSDCL
100 _aLozano-Robledo, Alvaro
_9459108
245 0 _aElliptic curves, modular forms, and their L-Functions
260 _aNew Delhi:
_bAmerican Mathematical Society,
_c2016.
300 _axiv,195p.
365 _aINR
_b0
490 _aStudent mathematical library Volume 58
942 _cTEXL
999 _c1429958
_d1429958